Normal view
MARC view
- الخصيلات، عبد الله احمد
Entry Personal Name
001 - CONTROL NUMBER
- control field: 62785
003 - CONTROL NUMBER IDENTIFIER
- control field: JO-AjAnu
005 - DATE AND TIME OF LATEST TRANSACTION
- control field: 20230606084243.0
008 - FIXED-LENGTH DATA ELEMENTS
- fixed length control field: 230606|| aca||aabn | a|a d
040 ## - CATALOGING SOURCE
- Original cataloging agency: JO-AjAnu
- Transcribing agency: JO-AjAnu
100 ## - HEADING--PERSONAL NAME
- Personal name: الخصيلات، عبد الله احمد
670 ## - SOURCE DATA FOUND
- Source citation: Work cat.: (JO-AjAnu)32015: الخصيلات، عبد الله احمد, author, التطبيقات القضائية: قانون اصول المحاكمات المدنية والتجارية، قانون المالكين والمستأجرين، القضايا التنفيذية، القانون التجاري، معاملات كاتب العدل، تشريعات المحامين، صيغ عقود واتفاقيات